| 000 | 00889nam a22002777a 4500 | ||
|---|---|---|---|
| 999 |
_c6899 _d6899 |
||
| 003 | OSt | ||
| 005 | 20260515062531.0 | ||
| 008 | 151126s1978 sp ||||| |||| 00| 0 cat d | ||
| 020 | _a8472226344 | ||
| 040 |
_aCDMR _bcat _cCDMR |
||
| 100 | 1 |
_aHuertas, Josep Maria _d1939-2007 _928 |
|
| 245 | 1 | 0 |
_aLa presó: quatre morts, vuit mesos i vint dies _b: El cas Huertas Claveria _cAgustí de Semir... [et al.] |
| 250 | _a1a ed. | ||
| 260 |
_aBarcelona: _bLaia, _c1978. |
||
| 300 |
_a280 p. ; _c20 cm |
||
| 490 | 1 |
_aLes eines ; _v36 |
|
| 504 | _aÍndex | ||
| 600 | 1 | 7 |
_aHuertas, Josep Maria _d1939-2007 _2 _928 |
| 650 | 0 | 4 |
_93073 _aLlibertat d'expressió |
| 650 | 0 | 4 |
_93703 _aEspanya _xHistòria _y1975-1982, Transició |
| 700 | 1 |
_94601 _aSemir, Agustí de, _d1918-2006 |
|
| 700 | 1 |
_94602 _aSales, Ferran |
|
| 700 | 1 |
_91954 _aRoma, Humbert |
|
| 700 | 1 |
_94603 _aMorell, Sussi |
|
| 942 |
_2udc _cMON |
||